Popularne Imiona - Statystyki

Ogólne statystyki
  • Ten quiz został rozwiązany 107 razy
  • Średni wynik to 2 z 10
Statystyki odpowiedzi
Odpowiedź % Poprawnych
Anna
84%
Agata
21%
Franciszek
16%
Marek
16%
Robert
14%
Grażyna
11%
Halina
7%
Bożydar
4%
Ryszard
1%
Bernadetta
0%
Nie znaleziono quizów pasujących do podanych kryteriów
Rozkład punktacji
Procent ludzi z każdym wynikiem
Percentyl według liczby udzielonych odpowiedzi
Twoja historia wyników
Nie rozwiązałeś tego quizu